Регионална библиотека "Любен Каравелов" - Русе

Нормален изглед MARC изглед
  • Колев, Коста

Вход 01. Лично име

Брой записи, използвани в: 0

001 - Контролен номер на записа

  • Контролно поле: 81129

003 - Код на организацията, даваща контролен номер

  • Контролно поле: BLK

005 - Дата и час на последна промяна на записа

  • Контролно поле: 20241212092959.0

008 - Данни с фиксирана дължина – обща информация

  • Данни с фиксирана дължина : 180403n| acnz|abbn | aba d

100 1# - ИМЕ НА ЛИЦЕ -ПЪРВИЧНА ИНТЕЛЕКТУАЛНА ОТГОВОРНОСТ

  • Лично име: Колев, Коста
  • Дати, свързани с автора: 1921 - 2010

372 ## - Сфера на дейност

  • Сфера на дейност: Музикант, акордеонист. Композитор, оркестратор, аранжор на народна музика.

400 ## - Допълнително описание по лично име

  • Лично име: Костов, Коста Колев ; Колев, Коста Костов

942 ## - Системна служебна употреба

  • Koha auth type: PERSO_NAME
Vip Innovations Ltd, Rousse, Bulgaria 2025